00505cam a22002057a 4500003000500000005001700005008004100022010001000063011001000073035001000083040000900093082001500102100002500117245002800142260003800170300001900208490002800227650001600255830002800271CHAP20220329134600.0971013s1961 r 00010 d a22501 a23473 a27569 cCHAP a575.1bA8400aAuerbach, Charlotte.14aThe science of genetics aNew York :bHarper and Row,c1961 a273 p.b: ilus 0aHarper torchbooks 568 L14aGenética.0 aHarper torchbooks 568 L